[Event "SVK-chT2D 1819"]
[Site "Slovakia"]
[Date "2018.11.17"]
[Round "3.4"]
[White "Vrabel, Michal"]
[Black "Foglar, Ivan"]
[Result "1/2-1/2"]
[WhiteElo "2046"]
[BlackElo "1957"]
[PlyCount "138"]
[EventDate "2018.10.13"]
[EventType "team-tourn"]
[EventRounds "11"]
[EventCountry "SVK"]
[SourceTitle "CBM 187 Extra"]
[Source "ChessBase"]
[SourceDate "2018.11.04"]
[SourceVersion "1"]
[SourceVersionDate "2018.11.04"]
[SourceQuality "1"]
[WhiteTeam "Presov Slavia PU"]
[BlackTeam "Margecany"]
[WhiteTeamCountry "SVK"]
[BlackTeamCountry "SVK"]

1. d4 d5 2. Nf3 Nf6 3. c4 c6 4. g3 a6 5. Bg2 Bf5 6. 0-0 e6 7. Nc3 Be7 8. Qb3 b5 9. cxb5 cxb5 10. Ne5 0-0 11. Bf4 Ra7 12. Rac1 Nfd7 13. e4 dxe4 14. Nxe4 Nb6 15. Rfd1 Nd5 16. Bd2 Qb6 17. Nc5 Rd8 18. h4 Bg6 19. a4 Nc6 20. Nxc6 Qxc6 21. Ba5 Rc8 22. Nd3 Qd7 23. Ne5 Qe8 24. axb5 Rxc1 25. Rxc1 axb5 26. Nc6 Ra8 27. Qxb5 Bf6 28. b4 h6 29. Qe2 Qd7 30. Ne5 Bxe5 31. dxe5 Rc8 32. Rxc8+ Qxc8 33. b5 Qc5 34. Bf1 Qa3 35. b6 Qb3 36. Qb5 Qf3 37. Bg2 Qd1+ 38. Kh2 Nxb6 39. Bxb6 Qd2 40. Be3 Qc2 41. Bf3 Kh7 42. h5 Be4 43. Qe2 Qb1 44. Bf4 Bd3 45. Qe3 Bf5 46. Qa7 Qf1 47. g4 Qc4 48. Kg3 Bc2 49. Qxf7 Qf1 50. Qb7 Qg1+ 51. Bg2 Qe1 52. Be3 Qa1 53. Be4+ Bxe4 54. Qxe4+ Kg8 55. g5 hxg5 56. Bxg5 Qg1+ 57. Qg2 Qe1 58. Bf4 Qb1 59. Qa8+ Kh7 60. Qg2 Qd3+ 61. Kh4 Qc4 62. Qg6+ Kh8 63. Kg4 Qe2+ 64. f3 Qa2 65. Qe8+ Kh7 66. Qf7 Kh8 67. h6 gxh6 68. Bxh6 Qg2+ 69. Kh5 Qg6+ 1/2-1/2

[Event "SVK-chT1E 1617"]
[Site "Slovakia"]
[Date "2016.12.10"]
[Round "5.6"]
[White "Vrabel, Michal"]
[Black "Ferkova, Dominika"]
[Result "0-1"]
[WhiteElo "2049"]
[BlackElo "1917"]
[PlyCount "80"]
[EventDate "2016.10.15"]
[EventType "team-tourn"]
[EventRounds "11"]
[EventCountry "SVK"]
[SourceTitle "EXT 2018"]
[Source "ChessBase"]
[SourceDate "2017.10.13"]
[SourceVersion "1"]
[SourceVersionDate "2017.10.13"]
[SourceQuality "1"]
[WhiteTeam "Presov Slavia PU"]
[BlackTeam "Bardejov"]
[WhiteTeamCountry "SVK"]
[BlackTeamCountry "SVK"]

1. e4 c6 2. d4 d5 3. Nc3 dxe4 4. Nxe4 Bf5 5. Ng3 Bg6 6. Nf3 Nd7 7. h4 h6 8. h5 Bh7 9. Bd3 Bxd3 10. Qxd3 e6 11. Bd2 Ngf6 12. 0-0-0 Be7 13. Ne4 Nxe4 14. Qxe4 Nf6 15. Qe2 Qd5 16. c4 Qd8 17. g4 Qc7 18. g5 hxg5 19. Nxg5 Bd6 20. Qf3 Qe7 21. Rh3 0-0-0 22. Rdh1 Bc7 23. h6 Rxd4 24. hxg7 Rhd8 25. Be3 Rxc4+ 26. Kb1 Be5 27. Rh8 Kc7 28. Rxd8 Qxd8 29. Rd1 Qg8 30. Bxa7 Rb4 31. Rd2 Qxg7 32. Qa3 Nd5 33. Rxd5 Rxb2+ 34. Kc1 Qxg5+ 35. Be3 Qf6 36. Qa5+ Kc8 37. Qa8+ Bb8 38. Rd4 Rb5 39. Qa3 Rd5 40. Rf4 Qa1+ 0-1

[Event "SVK-chT2D 1516"]
[Site "Slovakia"]
[Date "2015.10.18"]
[Round "2.3"]
[White "Vrabel, Michal"]
[Black "Vorovic, Arkadij"]
[Result "1-0"]
[WhiteElo "2062"]
[BlackElo "2142"]
[PlyCount "115"]
[EventDate "2015.10.17"]
[EventType "team-tourn"]
[EventRounds "11"]
[EventCountry "SVK"]
[SourceTitle "CBM 169 Extra"]
[Source "ChessBase"]
[SourceDate "2015.12.18"]
[SourceVersion "1"]
[SourceVersionDate "2015.12.18"]
[SourceQuality "1"]
[WhiteTeam "Presov Slavia"]
[BlackTeam "Velke Kapusany"]
[WhiteTeamCountry "SVK"]
[BlackTeamCountry "SVK"]

1. e4 c6 2. d4 d5 3. Nc3 dxe4 4. Nxe4 Bf5 5. Ng3 Bg6 6. Nf3 e6 7. h4 h6 8. h5 Bh7 9. Bd3 Bxd3 10. Qxd3 Qc7 11. Bd2 Nd7 12. 0-0-0 Ngf6 13. Ne4 Nxe4 14. Qxe4 Nf6 15. Qe2 Bd6 16. c4 0-0-0 17. g3 c5 18. Bc3 cxd4 19. Nxd4 a6 20. Rd2 Bc5 21. Rhd1 Bxd4 22. Bxd4 Qa5 23. Bxf6 gxf6 24. Rxd8+ Rxd8 25. Rxd8+ Kxd8 26. Qd2+ Qxd2+ 27. Kxd2 f5 28. Kc3 e5 29. c5 Kd7 30. Kc4 Ke6 31. b4 f4 32. gxf4 exf4 33. a4 f3 34. b5 axb5+ 35. axb5 Kd7 36. Kd5 f6 37. c6+ bxc6+ 38. bxc6+ Kc7 39. Kc5 f5 40. Kd5 f4 41. Ke4 Kxc6 42. Kxf3 Kd5 43. Kxf4 Ke6 44. Ke4 Kf6 45. f4 Ke6 46. f5+ Kd6 47. Kd4 Ke7 48. Ke5 Kf7 49. f6 Kf8 50. Kf4 Ke8 51. Ke4 Kf8 52. Ke5 Kf7 53. Kf5 Kf8 54. Kg6 Kg8 55. Kxh6 Kf8 56. Kg6 Kg8 57. f7+ Kf8 58. h6 1-0

[Event "SVK-chT2D 10/11"]
[Site "Slovakia"]
[Date "2011.03.06"]
[Round "9.6"]
[White "Vrabel, Michal"]
[Black "Fedorko, Martin"]
[Result "1-0"]
[WhiteElo "1988"]
[BlackElo "2031"]
[PlyCount "85"]
[EventDate "2010.10.23"]
[EventType "team-tourn"]
[EventRounds "11"]
[EventCountry "SVK"]
[SourceTitle "EXT 2019"]
[Source "ChessBase"]
[SourceDate "2018.10.10"]
[SourceVersion "1"]
[SourceVersionDate "2018.10.10"]
[SourceQuality "1"]
[WhiteTeam "Presov Slavia PU"]
[BlackTeam "Kosice Slavia TU V"]
[WhiteTeamCountry "SVK"]
[BlackTeamCountry "SVK"]

1. e4 c5 2. Nf3 e6 3. d4 cxd4 4. Nxd4 Nc6 5. c4 a6 6. Be2 Qc7 7. 0-0 Nf6 8. Nc3 Bb4 9. Nxc6 dxc6 10. Qb3 Be7 11. Be3 c5 12. f4 0-0 13. e5 Nd7 14. Bd3 b6 15. Qc2 g6 16. Rf3 Bb7 17. Rg3 Kg7 18. Ne4 Bxe4 19. Bxe4 Rac8 20. Qe2 f5 21. exf6+ Nxf6 22. Bc2 Bd6 23. Rf1 Qf7 24. Rg5 Be7 25. Bd2 Nd7 26. Rg3 Bf6 27. Bc3 Nb8 28. f5 Bxc3 29. bxc3 exf5 30. Rxf5 Qc7 31. Re5 Nc6 32. Re6 Rf6 33. Rxf6 Kxf6 34. Re3 Kg7 35. Re6 Rf8 36. Ba4 b5 37. cxb5 Qa5 38. Bb3 Nd8 39. Re7+ Kh6 40. Qe3+ g5 41. Qh3+ Kg6 42. Qxh7+ Kf6 43. Qg7+ 1-0

[Event "Kosice Kotan Memorial 2nd"]
[Site "Kosice"]
[Date "2010.06.27"]
[Round "2"]
[White "Vrabel, Michal"]
[Black "Dambrauskas, Virginijus A"]
[Result "0-1"]
[WhiteElo "2023"]
[BlackElo "2342"]
[PlyCount "112"]
[EventDate "2010.06.26"]
[EventType "swiss"]
[EventRounds "9"]
[EventCountry "SVK"]
[SourceTitle "CBM 137 Extra"]
[Source "ChessBase"]
[SourceDate "2010.09.01"]
[SourceVersion "1"]
[SourceVersionDate "2010.09.01"]
[SourceQuality "1"]

1. e4 c5 2. Nf3 e6 3. d4 cxd4 4. Nxd4 a6 5. Bd3 Nf6 6. 0-0 d6 7. a4 g6 8. Nc3 Bg7 9. Kh1 e5 10. Nb3 0-0 11. Bc4 Qc7 12. Qe2 Nc6 13. Bg5 Be6 14. Bxf6 Bxf6 15. Bd5 Nb4 16. Rad1 Rac8 17. Na1 Rfd8 18. Qd2 Qe7 19. Rfe1 Bg5 20. Qe2 Bh6 21. Nb3 Qc7 22. Na1 Rd7 23. Qf3 Kg7 24. Re2 Qd8 25. h3 Qe7 26. Nb3 Rdc7 27. Na1 Kg8 28. Kg1 Qd7 29. Bb3 Nc6 30. Bxe6 fxe6 31. Nb3 Nb4 32. Ree1 Nxc2 33. Rf1 Bg7 34. Qd3 Nd4 35. Nxd4 exd4 36. Ne2 e5 37. b3 Qe6 38. Rc1 Bh6 39. Rxc7 Rxc7 40. Rd1 Qf6 41. Rf1 Qe6 42. Rd1 Qe8 43. Qg3 Rc2 44. Qd3 Qc8 45. Kf1 Rb2 46. g4 Qc2 47. Qxc2 Rxc2 48. Rd3 Bd2 49. Rg3 b5 50. axb5 axb5 51. Rd3 b4 52. f4 Be3 53. f5 gxf5 54. gxf5 Rb2 55. Ng3 Kf7 56. Nh5 Rh2 0-1

[Event "SVK-chT1E 0809"]
[Site "Slovakia"]
[Date "2009.02.07"]
[Round "8.1"]
[White "Vrabel, Michal"]
[Black "Ondo, Radoslav"]
[Result "0-1"]
[WhiteElo "1966"]
[BlackElo "2080"]
[PlyCount "114"]
[EventDate "2008.10.18"]
[EventType "team-tourn"]
[EventRounds "11"]
[EventCountry "SVK"]
[SourceTitle "EXT 2010"]
[Source "ChessBase"]
[SourceDate "2010.11.25"]
[SourceVersion "1"]
[SourceVersionDate "2010.11.25"]
[SourceQuality "1"]
[WhiteTeam "Presov Tatran"]
[BlackTeam "Michalovce Zemplin"]
[WhiteTeamCountry "SVK"]
[BlackTeamCountry "SVK"]

1. d4 f5 2. c4 e6 3. Nc3 d5 4. Nf3 c6 5. g3 Nf6 6. Bg2 Bd6 7. 0-0 0-0 8. b3 Bd7 9. Bb2 Be8 10. e3 Nbd7 11. Ne2 Ng4 12. Nf4 Bf7 13. cxd5 exd5 14. Qc2 g6 15. a4 Qe7 16. a5 a6 17. Rfc1 Rae8 18. h3 Ngf6 19. Nd3 Ne4 20. Nde5 Be6 21. h4 Kg7 22. Nxd7 Bxd7 23. Ne5 Be6 24. Qe2 h6 25. Rc2 Bg8 26. h5 Bh7 27. hxg6 Bxg6 28. Bxe4 fxe4 29. Qg4 Rf6 30. Qd7 Bf5 31. Qxe7+ Bxe7 32. Ba3 Bd8 33. Bc5 Bc7 34. b4 h5 35. Re2 Rh6 36. Kg2 Reh8 37. Rh1 Bxe5 38. dxe5 Bg4 39. Rd2 Bf3+ 40. Kg1 Bxh1 41. Kxh1 h4 42. Be7 hxg3+ 43. Kg2 gxf2 44. Bf6+ Rxf6 45. exf6+ Kxf6 46. Rxf2+ Ke6 47. Rf4 Rh7 48. Rg4 Rf7 49. Rg8 Kd6 50. Rg6+ Kc7 51. Rh6 b6 52. Rg6 bxa5 53. bxa5 Rf3 54. Rg7+ Kd6 55. Ra7 Rxe3 56. Rxa6 Rf3 57. Ra8 Kc5 0-1